Online
Catalog
Normal view MARC view

Entry Término temático

Number of records used in: 1

001 - NÚMERO DE CONTROL

  • campo de control: 33065

003 - IDENTIFICADOR DEL NÚMERO DE CONTROL

  • campo de control: OSt

005 - FECHA Y HORA DE LA ÚLTIMA TRANSACCIÓN

  • campo de control: 20200615033355.0

008 - DATOS DE LONGITUD FIJA

  • campo de control de longitud fija: 200615|| aca||aabn | a|a d

040 ## - FUENTE DE LA CATALOGACIÓN

  • Centro catalogador/agencia de origen: OSt
  • Centro/agencia transcriptor: OSt

150 ## - ENCABEZAMIENTO--TÉRMINO DE MATERIA

  • Término de materia o nombre geográfico como elemento de entrada: JUVENTUD
  • Subdivisión geográfica: AMÉRICA CENTRAL
  • Subdivisión general: CONDICIONES SOCIALES

670 ## - FUENTE DE DATOS ENCONTRADOS

  • Cita de la fuente: Work cat.: (OSt)14188: Seminario-Taller Participación de la Juventud en la Construcción de una Cultura de Convivencia, Solidaridad y Paz en Centroamérica (julio, 1996 : Nicaragua) 33064, Memoria del Seminario-Taller Participación de la Juventud en la Construcción de una Cultura de Convivencia, Solidaridad y Paz en Centroamérica., 1997.

Powered by Koha